000 00403nam a2200157 i 4500
001 bg
100 1 _aSWIENKO, Henryk
245 0 _aPodstawy filozofii marksistowskiej :
_bwybór tekstów źródłowych i opracowanie /
_cHenryk Swienko.
250 _aWyd.2.
260 _aWarszawa,
_c1974.
040 _cBPK
041 _apol
080 _a1
942 _cKS
008 s pl f |000 0 pol
999 _c7684
_d7684
856 _uhttp://koha.tu.koszalin.pl/cgi-bin/koha/opac-detail.pl?biblionumber=7684
_yKatalog online BPK